00738nam a22002417a 45000010005000000030006000050050017000110080041000280200018000690400029000870500015001160820011001311000022001422450057001642600036002213000067002575050008003245200074003325210018004065210019004246500019004437000034004626601FISKH20250513102208.0250513b cb ||||| |||| 00| 0 eng d a9780590397940 aFISKHbengcFISKHdFISKH aQL467 .C35 a595.7  aCanizares, Susan  aWhat do insects do?cSusan Canizares ; Pamela Chanko aNew York : bScholastic, c2012 a14 unnumbered pages : bcolor illustrations ; c18 ​x 21 cm  aaa  aPhotographs and simple text describe the many things that insects do.8 a10 bLexile 8 aaa bRaz-Plus  aAnimals vBees aChanko, Pamela eillustrator